Fujian Province Quiz - Statistics

General Stats
  • This quiz has been taken 74 times
  • The average score is 10 of 13
Answer Stats
Hint Answer % Correct
Major city situated on an island Xia{men}
100%
Capital city Fu{zhou}
97%
Nearby island and de facto country Taiwan
91%
Mentioned city was one of China's four original SEZs in the 1980s. What is an SEZ? Special {Economic} Zone
81%
Min and Hakka langagues are unintelligible for speakers of this main Chinese language Mandarin
78%
Bordering sea to the south South China Sea
78%
Fujian is on this circle of latitude Tropic of {Cancer}
72%
Around 63% is covered with _____, the highest rate among China's provinces Forest
69%
"The necessities of life are abundant", marvelled this Venetian explorer Marco Polo
69%
Bordering sea to the north East China Sea
62%
A neighborhood named for the capital city can be found in this US city New York
55%
To stop this criminal activity, the Ming dynasty banned sea trade and coastal settlement. It backfired. Piracy
55%
This large predator has probably gone extinct in the wild South China Tiger
52%
No matching quizzes found
Score Distribution
Percent of People with Each Score
Percentile by Number Answered
Your Score History
You have not taken this quiz